Algebra : A. Page

Αποθηκεύτηκε σε:
Λεπτομέρειες βιβλιογραφικής εγγραφής
Κύριος συγγραφέας: Page, A.
Μορφή: Βιβλίο
Γλώσσα:English
Δημοσίευση: London : University of London Press Ltd., 1950, c1947
Έκδοση:1st ed., Repr.
Θέματα:
Ετικέτες: Προσθήκη ετικέτας
Δεν υπάρχουν, Καταχωρήστε ετικέτα πρώτοι!

MARC

LEADER 00000cam a2200000 i 4500
001 1/3042
008 100113r19501947 eng d
035 |l 10106236 
040 |a GR-MY-UA  |b gre  |e aacr 
041 0 |a eng 
082 0 |a 512.5  |2 (22) 
100 1 |a Page, A. 
245 1 0 |a Algebra :  |b A. Page 
250 |a 1st ed., Repr. 
260 |a London :   |b University of London Press Ltd.,   |c 1950, c1947 
300 |a 246 σ.;  |c 22 εκ 
650 0 0 |a Algebra. 
852 |a INST  |b SAMOS  |c MAG  |e 20100113  |h 512.5 PAG  |p 005300028529  |q 005300028529  |t BK  |y 0 
901 |a BIBL3-2010-1 
909 |a Σ  |b 158114 
970 |a ΡΟΥΣΣΟΥ  |b ΚΩΝΣΤΑΝΤΙΝΑ  |z 2010/01/13